000 01308cam a2200361 a 4500
999 _c1153
_d1153
001 17188182
003 OSt
005 20220801113211.0
008 120229s2012 nyua c 000 1 eng
010 _a 2012000865
020 _a9780670012718 (hardback)
040 _aDLC
_cDLC
_dKH8
042 _apcc
_alcac
050 0 0 _aPZ7.B1793
_bCre 2012
082 0 0 _aFIC BAL
_223
100 1 _aBalaban, Bob.
_eAuthor
245 1 4 _aThe creature from the seventh grade :
_bboy or beast /
_cby Bob Balaban ; illustrated by Andy Rash.
246 3 0 _aBoy or beast
260 _aNew York :
_bViking,
_cc2012.
300 _a242 p. :
_bill. :
_c22 cm.
520 _a"When nerdy 12-year-old Charlie Drinkwater spontaneously morphs into a giant sea creature, the big question is: could this be his ticket to popularity at last?"--
_cProvided by publisher.
521 1 _aAges 8-12.
650 1 _aMetamorphosis
_vFiction.
650 1 _aPopularity
_vFiction.
650 1 _aMiddle schools
_vFiction.
650 1 _aSchools
_vFiction.
650 1 _aFamily life
_zIllinois
_vFiction.
650 1 _aHumorous stories.
700 1 _aRash, Andy,
_eill.
906 _a7
_bcbc
_corignew
_d1
_eecip
_f20
_gy-gencatlg
942 _2ddc
_cFIC